000
00329nam a2200109Ia 4500
003
GCL
008
140319s9999 xx 000 0 ara d
040
_a
GCL /
_c
GCL
082
0
4
_a
628011
_b
ا ت
245
1
0
_a
تطبيقات الحاسب الالكترونى الصغير فى مصادر المياةالاولى
250
_a
الاولى
999
_c
6999
_d
6999